000 00378nam a2200145 i 4500
001 bg
100 1 _aJuran, Joseph Michael
_d(1904- ).
245 0 _aJakość, projektowanie, analiza /
_cJ.M. Juran, F.M. Gryna.
260 _aWarszawa,
_c1974.
700 1 _aGryna, Frank. M.
_cjr.
040 _cBPK
041 _apol
942 _cKS
008 s pl f |000 0 pol
999 _c26368
_d26368
856 _uhttp://koha.tu.koszalin.pl/cgi-bin/koha/opac-detail.pl?biblionumber=26368
_yKatalog online BPK